00402nam a2200157Ia 4500008004100000020001800041082000800059100001500067245004500082250000600127260003900133300001700172500002400189650001400213700001700227230524s9999 xx 000 0 und d a9789384588106 bJAD aV.K. Jadon 0aAnalysis and Design of Machine Elements a2 aNew DelhibI.K.Internationalc2015 a"XVII,973p;" aQuantity Number: 1 aMechanics aSuresh Verma